000 00289nam a2200121Ia 4500
100 _aRoeper/ R.
942 _cBK
654 _aThree phase systems
245 _aShort Circuit Currents in Three-Phase Systems
260 _bWiley eastern
_aNew Delhi
_c1989
546 _aENGLISH
999 _c21188
_d21188